[Event "Weekend Accademia A Autunno"]
[Site "Roma ITA"]
[Date "2007.10.13"]
[Round "2"]
[White "Quimi, Marco"]
[Black "Buratti, Marco"]
[Result "1-0"]
[WhiteElo "2270"]
[BlackElo "2054"]
[PlyCount "55"]
[EventDate "2007.10.12"]

1. d4 d5 2. Nf3 Nc6 3. Bf4 Bg4 4. Nbd2 f6 5. c3 g5 6. Bg3 h5 7. h4 e6 8. Qa4
Bxf3 9. exf3 Bd6 10. Bd3 Nge7 11. O-O-O Bxg3 12. fxg3 Qd6 13. hxg5 fxg5 14. g4
h4 15. Rde1 Kf7 16. Re2 Rae8 17. f4 gxf4 18. Nf3 Reg8 19. g5 a6 20. g6+ Kf6 21.
Ne5 Rh5 22. Rhe1 b5 23. Qc2 Nf5 24. Ng4+ Kg5 25. Rxe6 Ne3 26. R1xe3 fxe3 27.
Rxd6 cxd6 28. Nxe3 1-0

[Event "Weekend Accademia A Autunno"]
[Site "Roma ITA"]
[Date "2007.10.13"]
[Round "2"]
[White "Vignato, Giovanni"]
[Black "Trebeschi, Andrea"]
[Result "1/2-1/2"]
[WhiteElo "2027"]
[BlackElo "2078"]
[PlyCount "21"]
[EventDate "2007.10.12"]

1. e4 d6 2. c4 Nf6 3. Nc3 g6 4. g3 Bg7 5. Bg2 O-O 6. Nge2 e5 7. O-O c6 8. d3
Na6 9. h3 Nc5 10. Kh2 Ne8 11. Be3 1/2-1/2

[Event "Weekend Accademia A Autunno"]
[Site "Roma ITA"]
[Date "2007.10.13"]
[Round "3"]
[White "Buratti, Marco"]
[Black "Maddaloni, Giovanni"]
[Result "0-1"]
[WhiteElo "2054"]
[BlackElo "1799"]
[PlyCount "58"]
[EventDate "2007.10.12"]

1. e4 c5 2. Nc3 Nc6 3. Bc4 g6 4. d3 Bg7 5. Nge2 e6 6. O-O Nge7 7. Bg5 d6 8. f4
O-O 9. f5 exf5 10. Nd5 h6 11. Bxe7 Nxe7 12. Nxe7+ Qxe7 13. Nf4 Qg5 14. c3 b5
15. Bd5 Rb8 16. h4 Qf6 17. exf5 Qxf5 18. h5 Bb7 19. Nxg6 Qg5 20. Rf5 Qe3+ 21.
Kf1 Bxd5 22. Nxf8 Bc6 23. Qc2 Rxf8 24. Re1 Qg3 25. Re7 Qg4 26. Rf2 Qxh5 27. Qb3
Bd5 28. Qxb5 Be5 29. Qa5 Bg3 0-1

[Event "Weekend Accademia A Autunno"]
[Site "Roma ITA"]
[Date "2007.10.13"]
[Round "3"]
[White "Ciampi, Vincenzo"]
[Black "Condemi De Felice, Alfonso"]
[Result "1-0"]
[WhiteElo "2095"]
[BlackElo "2030"]
[PlyCount "51"]
[EventDate "2007.10.12"]

1. e4 g6 2. d4 Bg7 3. Nc3 Nc6 4. Nf3 d6 5. h3 Bd7 6. Be3 e5 7. Qd2 a6 8. Be2
exd4 9. Nxd4 Nxd4 10. Bxd4 Bxd4 11. Qxd4 Qf6 12. Qe3 Ne7 13. f4 O-O 14. O-O-O
Bc6 15. g4 Rfe8 16. g5 Qe6 17. Qd4 Nc8 18. Bg4 Qe7 19. h4 Nb6 20. Rde1 Rad8 21.
h5 Bd7 22. Bxd7 Nxd7 23. Nd5 Qf8 24. hxg6 fxg6 25. Rxh7 Ne5 26. Reh1 1-0

[Event "Weekend Accademia A Autunno"]
[Site "Roma ITA"]
[Date "2007.10.13"]
[Round "3"]
[White "Cobas Ferrer, Dayami"]
[Black "Di Cecco, Giuseppe"]
[Result "1/2-1/2"]
[WhiteElo "1994"]
[BlackElo "2109"]
[PlyCount "80"]
[EventDate "2007.10.12"]

1. e4 c5 2. c3 Nf6 3. e5 Nd5 4. d4 cxd4 5. cxd4 d6 6. Nf3 Nc6 7. Bc4 Nb6 8. Bb5
Bd7 9. Nc3 dxe5 10. dxe5 g6 11. O-O Bg7 12. Re1 a6 13. Bxc6 Bxc6 14. Nd4 O-O
15. Nxc6 bxc6 16. Qf3 Nd5 17. a3 Qa5 18. Bd2 Rad8 19. Qe2 Rb8 20. Nxd5 Qxd5 21.
Bc3 Qb5 22. Qe4 Rfd8 23. Rad1 Rd5 24. g3 e6 25. Rc1 Rbd8 26. h4 Bh6 27. Rc2 Rd1
28. Bb4 R8d5 29. Rxd1 Rxd1+ 30. Kh2 Rd5 31. Qe2 Qxe2 32. Rxe2 c5 33. Bc3 Kf8
34. f4 Ke8 35. Re4 Rd7 36. Ra4 Ra7 37. Bd2 Bf8 38. Be3 Rb7 39. b4 cxb4 40. axb4
Bxb4 1/2-1/2

[Event "Weekend Accademia A Autunno"]
[Site "Roma ITA"]
[Date "2007.10.13"]
[Round "3"]
[White "De Lisa, Carmine"]
[Black "Mastroddi, Giuseppe"]
[Result "0-1"]
[WhiteElo "1815"]
[BlackElo "1799"]
[PlyCount "62"]
[EventDate "2007.10.12"]

1. e4 c5 2. Nf3 d6 3. d4 cxd4 4. Nxd4 Nf6 5. Nc3 g6 6. Be3 Bg7 7. f3 O-O 8. Qd2
Nc6 9. O-O-O Nxd4 10. Bxd4 Be6 11. Kb1 Qc7 12. Nd5 Bxd5 13. exd5 Rfc8 14. h4
Rab8 15. g4 b5 16. Rh2 a5 17. h5 b4 18. hxg6 fxg6 19. Bh3 Rf8 20. g5 Nh5 21.
Be6+ Kh8 22. Bxg7+ Nxg7 23. Qd4 Qc5 24. Rxh7+ Kxh7 25. Rh1+ Nh5 26. Rxh5+ gxh5
27. g6+ Kh6 28. Qd2+ Kg7 29. Qg5 Rf6 30. Bf7 Qf2 31. b3 Qe1+ 0-1

[Event "Weekend Accademia A Autunno"]
[Site "Roma ITA"]
[Date "2007.10.13"]
[Round "3"]
[White "Failli, Riccardo"]
[Black "Parrini, Daniele"]
[Result "0-1"]
[WhiteElo "1961"]
[BlackElo "2042"]
[PlyCount "72"]
[EventDate "2007.10.12"]

1. e4 c5 2. Nf3 g6 3. d4 cxd4 4. Nxd4 Nc6 5. c4 Nf6 6. Nc3 d6 7. Be2 Nxd4 8.
Qxd4 Bg7 9. O-O O-O 10. Bg5 Be6 11. Qd2 Qa5 12. f3 Rfc8 13. Nd5 Qxd2 14. Bxd2
Nxd5 15. cxd5 Bd4+ 16. Kh1 Bd7 17. Bd3 Ba4 18. Rab1 Bc2 19. Bxc2 Rxc2 20. Bc3
Bxc3 21. bxc3 b6 22. Kg1 Rc8 23. Rb3 R2xc3 24. Rxc3 Rxc3 25. Rf2 Rc1+ 26. Rf1
Rxf1+ 27. Kxf1 Kg7 28. Ke2 Kf6 29. Kd3 Ke5 30. g3 g5 31. Ke3 a6 32. f4+ gxf4+
33. gxf4+ Kf6 34. Kd4 Kg6 35. a4 f5 36. e5 Kh5 0-1

[Event "Weekend Accademia A Autunno"]
[Site "Roma ITA"]
[Date "2007.10.13"]
[Round "3"]
[White "Gardon, Ermanno"]
[Black "Marzio, Mario"]
[Result "1-0"]
[WhiteElo "2144"]
[BlackElo "1486"]
[PlyCount "85"]
[EventDate "2007.10.12"]

1. c4 e5 2. Nc3 Nf6 3. g3 d5 4. cxd5 Nxd5 5. Bg2 Be6 6. Nf3 Nc6 7. Qa4 Nxc3 8.
bxc3 Bd6 9. Qb5 O-O 10. Qxb7 Qd7 11. Ng5 Na5 12. Qa6 Nc4 13. Bxa8 Rxa8 14. Nxe6
Qxe6 15. d3 Nb6 16. O-O h5 17. e4 h4 18. Be3 Qf6 19. f3 Qg6 20. g4 Nd7 21. Qc6
Rd8 22. Kh1 Nf6 23. Rg1 Nh7 24. d4 Qf6 25. Rgf1 Ng5 26. f4 Qe6 27. fxg5 Qxg4
28. Rf2 exd4 29. Bxd4 Be5 30. Rg1 Qh5 31. Bxe5 Rd1 32. Rgf1 h3 33. Qe8+ Kh7 34.
Qxf7 Rxf1+ 35. Rxf1 Qxg5 36. Qf5+ Qxf5 37. exf5 c5 38. Rg1 c4 39. Rxg7+ Kh6 40.
f6 a5 41. f7 a4 42. f8=Q a3 43. Qh8# 1-0

[Event "Weekend Accademia A Autunno"]
[Site "Roma ITA"]
[Date "2007.10.13"]
[Round "3"]
[White "Mazza, Maurizio"]
[Black "Gasperoni, Claudio"]
[Result "1/2-1/2"]
[WhiteElo "1752"]
[BlackElo "1841"]
[PlyCount "28"]
[EventDate "2007.10.12"]

1. e4 e5 2. Nf3 Nc6 3. d4 exd4 4. Nxd4 Bc5 5. Be3 Qe7 6. Nc3 Nxd4 7. Bxd4 Nf6
8. Qd3 O-O 9. O-O-O Bxd4 10. Qxd4 d6 11. h3 b6 12. Bd3 Bb7 13. f4 Nd7 14. g3
Nc5 1/2-1/2

[Event "Weekend Accademia A Autunno"]
[Site "Roma ITA"]
[Date "2007.10.13"]
[Round "3"]
[White "Pecorari, Marcello"]
[Black "Prudenzano, Ruggero"]
[Result "1/2-1/2"]
[WhiteElo "2077"]
[BlackElo "1808"]
[PlyCount "85"]
[EventDate "2007.10.12"]

1. e4 c5 2. Nf3 e6 3. d3 Nc6 4. Nbd2 d6 5. g3 g6 6. Bg2 Bg7 7. O-O Nge7 8. Re1
O-O 9. Nf1 Bd7 10. h4 f5 11. c3 b5 12. h5 gxh5 13. Nh4 Ng6 14. Qxh5 Nxh4 15.
Bg5 Nxg2 16. Bxd8 Nxe1 17. Rxe1 Raxd8 18. Ne3 f4 19. gxf4 Rxf4 20. Kg2 Rdf8 21.
Rh1 Rxf2+ 22. Kg1 h6 23. Nf5 exf5 24. Kxf2 fxe4+ 25. Ke3 Ne5 26. dxe4 Bg4 27.
Qh4 h5 28. Qg5 Kh7 29. Rxh5+ Bxh5 30. Qxh5+ Bh6+ 31. Ke2 Ng6 32. Qg4 Rf7 33.
Kd1 Ne5 34. Qe6 a5 35. b4 axb4 36. cxb4 cxb4 37. Qd5 Rf2 38. Qxb5 Rd2+ 39. Ke1
Rxa2 40. Qb7+ Kg6 41. Qd5 Nf3+ 42. Kf1 Nh2+ 43. Kg1 1/2-1/2

[Event "Weekend Accademia A Autunno"]
[Site "Roma ITA"]
[Date "2007.10.13"]
[Round "3"]
[White "Tosoni, Augusto"]
[Black "Proietti, Giorgio"]
[Result "1-0"]
[WhiteElo "2255"]
[BlackElo "1914"]
[PlyCount "51"]
[EventDate "2007.10.12"]

1. e4 e6 2. d4 d5 3. Nc3 Bb4 4. e5 Ne7 5. a3 Bxc3+ 6. bxc3 c5 7. a4 Qa5 8. Bd2
Nbc6 9. Nf3 Bd7 10. Rb1 Qc7 11. Bb5 Na5 12. O-O Bxb5 13. Rxb5 c4 14. Bc1 b6 15.
Ba3 Nb7 16. Nh4 g5 17. Nf3 g4 18. Nh4 h5 19. f4 Nf5 20. Nxf5 exf5 21. Rxd5 Rd8
22. Rxd8+ Qxd8 23. d5 h4 24. Qd4 Na5 25. e6 Rh6 26. Qg7 1-0

[Event "Weekend Accademia A Autunno"]
[Site "Roma ITA"]
[Date "2007.10.13"]
[Round "3"]
[White "Trebeschi, Andrea"]
[Black "Maggi, Fabrizio"]
[Result "1/2-1/2"]
[WhiteElo "2078"]
[BlackElo "1960"]
[PlyCount "67"]
[EventDate "2007.10.12"]

1. e4 e5 2. Nf3 Nc6 3. Bb5 a6 4. Ba4 Nf6 5. d3 b5 6. Bb3 Bc5 7. O-O O-O 8. c3
d6 9. Nbd2 Bg4 10. h3 Bh5 11. Re1 a5 12. a4 b4 13. Nf1 Rb8 14. Rb1 bxc3 15.
bxc3 h6 16. Ng3 Bxf3 17. Qxf3 Kh7 18. Nf5 Ng8 19. Be3 Bxe3 20. Nxe3 Qf6 21. Qe2
Nce7 22. Nd5 Nxd5 23. Bxd5 Ne7 24. Qa2 Nxd5 25. Qxd5 c5 26. Rb5 Qd8 27. Reb1
Qc7 28. Rb7 Rxb7 29. Rxb7 Qc8 30. Rxf7 Rxf7 31. Qxf7 Qb8 32. Qa2 Qf8 33. Qd2
Qb8 34. Qa2 1/2-1/2

[Event "Weekend Accademia A Autunno"]
[Site "Roma ITA"]
[Date "2007.10.13"]
[Round "3"]
[White "Vignato, Giovanni"]
[Black "Carola, Paolo"]
[Result "1/2-1/2"]
[WhiteElo "2027"]
[BlackElo "1973"]
[PlyCount "41"]
[EventDate "2007.10.12"]

1. c4 Nf6 2. Nc3 e6 3. e4 d5 4. cxd5 exd5 5. e5 d4 6. exf6 dxc3 7. bxc3 Qxf6 8.
Nf3 Bd6 9. d4 O-O 10. Bd3 Re8+ 11. Be3 Bf5 12. O-O h6 13. Bc4 Nd7 14. Qd2 Be4
15. Be2 Rad8 16. Rfe1 Kh7 17. Bd3 Nb6 18. Bxe4+ Rxe4 19. Qd3 Qg6 20. g3 Re6 21.
Qxg6+ 1/2-1/2

[Event "Weekend Accademia A Autunno"]
[Site "Roma ITA"]
[Date "2007.10.13"]
[Round "3"]
[White "Vuelban, Virgilio"]
[Black "Caprio, Guido"]
[Result "1-0"]
[WhiteElo "2399"]
[BlackElo "2071"]
[PlyCount "53"]
[EventDate "2007.10.12"]

1. c4 g6 2. Nc3 Bg7 3. d4 d6 4. e4 Nf6 5. h3 O-O 6. Bg5 c5 7. d5 e6 8. Nf3 exd5
9. exd5 Re8+ 10. Be2 h6 11. Be3 Ne4 12. Nxe4 Rxe4 13. Qc2 Qe8 14. Bd3 Re7 15.
O-O Nd7 16. Rae1 Ne5 17. Nxe5 Bxe5 18. Qc1 g5 19. f4 Bxb2 20. Qxb2 Rxe3 21. Qf2
Rxe1 22. Rxe1 Qd8 23. fxg5 hxg5 24. h4 g4 25. Qf4 Qxh4 26. Re8+ Kg7 27. g3 1-0

[Event "Weekend Accademia A Autunno"]
[Site "Roma ITA"]
[Date "2007.10.13"]
[Round "3"]
[White "Wollenweber, Carsten"]
[Black "Quimi, Marco"]
[Result "0-1"]
[WhiteElo "2141"]
[BlackElo "2270"]
[PlyCount "44"]
[EventDate "2007.10.12"]

1. e4 c5 2. Nf3 Nc6 3. d4 cxd4 4. Nxd4 Nf6 5. Nc3 g6 6. Bc4 d6 7. f3 Bd7 8. Be3
Bg7 9. Qd2 O-O 10. O-O-O Rc8 11. g4 Ne5 12. Bb3 Rxc3 13. bxc3 Qa5 14. g5 Nh5
15. Qf2 b5 16. f4 Nc4 17. Kb1 Nxf4 18. Bxf4 Qxc3 19. Bxc4 bxc4 20. e5 Rb8+ 21.
Nb3 cxb3 22. axb3 Bf5 0-1

[Event "Weekend Accademia A Autunno"]
[Site "Roma ITA"]
[Date "2007.10.13"]
[Round "4"]
[White "Caprio, Guido"]
[Black "Wollenweber, Carsten"]
[Result "0-1"]
[WhiteElo "2071"]
[BlackElo "2141"]
[PlyCount "48"]
[EventDate "2007.10.12"]

1. e4 d5 2. exd5 Nf6 3. d4 Nxd5 4. c4 Nb6 5. Nf3 g6 6. c5 Nd5 7. Nc3 Bg7 8. Bc4
c6 9. Qb3 O-O 10. O-O Nxc3 11. bxc3 b5 12. cxb6 axb6 13. Ng5 e6 14. Ne4 Qc7 15.
Rb1 Ba6 16. Bg5 Bxc4 17. Qxc4 Ra5 18. Nf6+ Kh8 19. d5 Qe5 20. Qh4 h6 21. f4
Qxc3 22. Rb3 Qd4+ 23. Kh1 Rc8 24. Rh3 cxd5 0-1

[Event "Weekend Accademia A Autunno"]
[Site "Roma ITA"]
[Date "2007.10.13"]
[Round "4"]
[White "Carola, Paolo"]
[Black "Condemi De Felice, Alfonso"]
[Result "1/2-1/2"]
[WhiteElo "1973"]
[BlackElo "2030"]
[PlyCount "96"]
[EventDate "2007.10.12"]

1. e4 g6 2. d4 Bg7 3. Nf3 d6 4. Bc4 c6 5. O-O b5 6. Bb3 Nf6 7. Re1 O-O 8. Bg5
h6 9. Bh4 Bg4 10. h3 Bxf3 11. Qxf3 g5 12. Bg3 Ne8 13. a4 b4 14. c3 a5 15. Nd2
Nd7 16. e5 d5 17. e6 Ndf6 18. exf7+ Rxf7 19. Qd3 Nd6 20. f3 Qd7 21. c4 Qf5 22.
Qe2 Nh5 23. Be5 Nf4 24. Qe3 dxc4 25. Nxc4 Nxc4 26. Bxc4 Nd5 27. Bxd5 cxd5 28.
Bxg7 Kxg7 29. Rac1 Rc8 30. Rxc8 Qxc8 31. Qe5+ Kg6 32. Qxd5 Qc2 33. Re6+ Rf6 34.
Rxf6+ Kxf6 35. Qe5+ Kf7 36. Qd5+ Kf8 37. b3 Qc7 38. Qf5+ Ke8 39. Qg6+ Kd8 40.
Qg8+ Kd7 41. Qd5+ Ke8 42. Kf2 Qc3 43. Kg3 Qe1+ 44. Kg4 e6 45. Qc6+ Ke7 46. Qc7+
Kf6 47. Qd8+ Kf7 48. Qd7+ Kf6 1/2-1/2

[Event "Weekend Accademia A Autunno"]
[Site "Roma ITA"]
[Date "2007.10.13"]
[Round "4"]
[White "Di Cecco, Giuseppe"]
[Black "De Lisa, Carmine"]
[Result "1-0"]
[WhiteElo "2109"]
[BlackElo "1815"]
[PlyCount "53"]
[EventDate "2007.10.12"]

1. e4 e5 2. f4 Bc5 3. Nf3 d6 4. Nc3 Nd7 5. Bc4 Ngf6 6. d3 O-O 7. Na4 Bb6 8.
Nxb6 axb6 9. O-O c6 10. fxe5 dxe5 11. Bg5 b5 12. Bb3 Nc5 13. Qd2 Nxb3 14. axb3
Rxa1 15. Rxa1 Qe7 16. d4 exd4 17. e5 h6 18. exf6 Qc5 19. b4 Qb6 20. fxg7 Re8
21. Bf6 d3+ 22. Bd4 c5 23. bxc5 Qg6 24. cxd3 Bf5 25. Re1 Rd8 26. Qe3 f6 27. Nh4
1-0

[Event "Weekend Accademia A Autunno"]
[Site "Roma ITA"]
[Date "2007.10.13"]
[Round "4"]
[White "Gardon, Ermanno"]
[Black "Tosoni, Augusto"]
[Result "0-1"]
[WhiteElo "2144"]
[BlackElo "2255"]
[PlyCount "66"]
[EventDate "2007.10.12"]

1. c4 Nf6 2. Nc3 e6 3. g3 d5 4. cxd5 exd5 5. d4 Bd6 6. Bg2 c6 7. Nf3 O-O 8. O-O
Re8 9. a3 a5 10. Qc2 Bd7 11. Bg5 h6 12. Be3 Ng4 13. Bd2 Qc8 14. Rfe1 Bf5 15.
Qc1 Nd7 16. Bf4 Bf8 17. h3 Ngf6 18. Qd1 Ne4 19. Rc1 g5 20. Bd2 Nxc3 21. Bxc3
Nf6 22. b4 axb4 23. Bxb4 Bxh3 24. Bxf8 Rxf8 25. Qb3 Bxg2 26. Kxg2 Re8 27. e3
Ne4 28. Rh1 Kg7 29. Qb2 Qf5 30. Rc2 Re7 31. Qc1 Re6 32. Rb2 Rxa3 33. Rxb7 Rf6
0-1

[Event "Weekend Accademia A Autunno"]
[Site "Roma ITA"]
[Date "2007.10.13"]
[Round "4"]
[White "Gasperoni, Claudio"]
[Black "Prudenzano, Ruggero"]
[Result "1/2-1/2"]
[WhiteElo "1841"]
[BlackElo "1808"]
[PlyCount "50"]
[EventDate "2007.10.12"]

1. d4 Nf6 2. Nf3 c5 3. d5 d6 4. Nc3 g6 5. e4 Bg7 6. Bb5+ Bd7 7. a4 O-O 8. h3
Qa5 9. Bd2 Na6 10. Bxd7 Nxd7 11. Nb5 Nb4 12. Nc3 Ne5 13. Nxe5 Bxe5 14. O-O Bg7
15. Qc1 Qc7 16. Nd1 e6 17. Ne3 Qe7 18. c3 Na6 19. Nc4 Nc7 20. Re1 Qd7 21. Bf4
b5 22. axb5 Nxb5 23. Bh6 Nc7 24. Bf4 exd5 25. exd5 Nxd5 1/2-1/2

[Event "Weekend Accademia A Autunno"]
[Site "Roma ITA"]
[Date "2007.10.13"]
[Round "4"]
[White "Maddaloni, Giovanni"]
[Black "Pecorari, Marcello"]
[Result "0-1"]
[WhiteElo "1799"]
[BlackElo "2077"]
[PlyCount "52"]
[EventDate "2007.10.12"]

1. e4 Nf6 2. e5 Nd5 3. c4 Nb6 4. b3 d6 5. exd6 cxd6 6. Nf3 Nc6 7. d4 g6 8. Be3
Bg7 9. Na3 O-O 10. Qd2 Bg4 11. Be2 e5 12. d5 e4 13. Nd4 Ne5 14. Bxg4 Nxg4 15.
O-O Nd7 16. h3 Nge5 17. Rad1 Nc5 18. Nab5 Re8 19. f4 exf3 20. Nxf3 Ne4 21. Qc1
Ng3 22. Rfe1 Nxf3+ 23. gxf3 a6 24. Nd4 Qh4 25. Kg2 Nh5 26. Bf2 Nf4+ 0-1

[Event "Weekend Accademia A Autunno"]
[Site "Roma ITA"]
[Date "2007.10.13"]
[Round "4"]
[White "Maggi, Fabrizio"]
[Black "Buratti, Marco"]
[Result "1-0"]
[WhiteElo "1960"]
[BlackElo "2054"]
[PlyCount "63"]
[EventDate "2007.10.12"]

1. c4 e5 2. Nc3 Nf6 3. Nf3 Nc6 4. e3 Bb4 5. Qc2 O-O 6. Nd5 Re8 7. Qf5 Nxd5 8.
cxd5 Ne7 9. Qxe5 b5 10. Bxb5 Bb7 11. a3 Bd6 12. Qh5 Bxd5 13. b4 a5 14. Bb2 Be4
15. Qg4 Ng6 16. Bxd7 Bxf3 17. gxf3 h5 18. Qh3 Nf4 19. Qf5 g6 20. Rg1 Kf8 21.
Qg5 Nd3+ 22. Ke2 Qxg5 23. Rxg5 Nxb2 24. Bxe8 Kxe8 25. Rxa5 Rxa5 26. bxa5 Kd7
27. a6 Kc8 28. f4 Kb8 29. h3 Ka7 30. Rg1 Be7 31. e4 Nc4 32. Rc1 1-0

[Event "Weekend Accademia A Autunno"]
[Site "Roma ITA"]
[Date "2007.10.13"]
[Round "4"]
[White "Marzio, Mario"]
[Black "Cobas Ferrer, Dayami"]
[Result "0-1"]
[WhiteElo "1486"]
[BlackElo "1994"]
[PlyCount "53"]
[EventDate "2007.10.12"]

1. e4 e5 2. Nf3 Nc6 3. d4 exd4 4. c3 dxc3 5. Bc4 Be7 6. Qd3 Nh6 7. Bxh6 O-O 8.
Bc1 Nb4 9. Qd1 c2 10. Qe2 cxb1=Q 11. Rxb1 d6 12. a3 Nc6 13. h3 Bf6 14. O-O Re8
15. Re1 h6 16. b4 Bf5 17. Qa2 Bg6 18. Bd3 d5 19. Qc2 dxe4 20. Bxe4 Nd4 21. Nxd4
Qxd4 22. Bb2 Bxe4 23. Qxc7 Qd8 24. Qg3 Bxb1 25. Rxe8+ Qxe8 26. Bxf6 Qf8 27. Kh1
0-1

[Event "Weekend Accademia A Autunno"]
[Site "Roma ITA"]
[Date "2007.10.13"]
[Round "4"]
[White "Mastroddi, Giuseppe"]
[Black "Vignato, Giovanni"]
[Result "0-1"]
[WhiteElo "1799"]
[BlackElo "2027"]
[PlyCount "53"]
[EventDate "2007.10.12"]

1. d4 d5 2. Nf3 e6 3. e3 f5 4. Bd3 Nf6 5. Nbd2 Bd6 6. c3 O-O 7. O-O c6 8. Re1
Ne4 9. Bc2 Nd7 10. a3 Qe7 11. c4 g5 12. c5 Bc7 13. Nxe4 fxe4 14. Nd2 Nf6 15.
Rf1 Qg7 16. f3 Qh6 17. f4 gxf4 18. exf4 Bxf4 19. g3 Be3+ 20. Kh1 e5 21. Qe1
exd4 22. Nb3 Bxc1 23. Rxc1 Bh3 24. Rf4 Ng4 25. Nxd4 Rxf4 26. gxf4 Qxf4 27. Nf3
0-1

[Event "Weekend Accademia A Autunno"]
[Site "Roma ITA"]
[Date "2007.10.13"]
[Round "4"]
[White "Parrini, Daniele"]
[Black "Ciampi, Vincenzo"]
[Result "1/2-1/2"]
[WhiteElo "2042"]
[BlackElo "2095"]
[PlyCount "111"]
[EventDate "2007.10.12"]

1. e4 c5 2. Nf3 Nc6 3. d4 cxd4 4. Nxd4 Qb6 5. Nb3 Nf6 6. Nc3 e6 7. Bd3 a6 8.
O-O Be7 9. Kh1 Qc7 10. f4 d6 11. Qe2 O-O 12. Bd2 b5 13. Rae1 b4 14. Nd1 e5 15.
f5 a5 16. Ne3 a4 17. Nc1 Bb7 18. Ng4 Nd4 19. Nxf6+ Bxf6 20. Qd1 Qc5 21. Ne2 Bh4
22. Ng3 Bxg3 23. hxg3 f6 24. g4 g5 25. Re3 Ba6 26. c3 Bxd3 27. Rxd3 Qc4 28. Bc1
bxc3 29. bxc3 Nb5 30. Qf3 Rac8 31. a3 Nxc3 32. Re1 Nxe4 33. Qxe4 Qxe4 34. Rxe4
Rxc1+ 35. Kh2 Rd8 36. Rxa4 Rc7 37. Ra6 Rdd7 38. Rd5 Kf7 39. a4 Ke7 40. Rb6 Rc8
41. a5 Rc3 42. Rb8 Rc5 43. Rxc5 dxc5 44. Rc8 Kd6 45. Rf8 c4 46. Rxf6+ Kd5 47.
Rb6 c3 48. a6 c2 49. Rb7 c1=Q 50. Rxd7+ Ke4 51. a7 Qa3 52. f6 Kf4 53. f7 Qg3+
54. Kh1 Qe1+ 55. Kh2 Qg3+ 56. Kh1 1/2-1/2

[Event "Weekend Accademia A Autunno"]
[Site "Roma ITA"]
[Date "2007.10.13"]
[Round "4"]
[White "Proietti, Giorgio"]
[Black "Failli, Riccardo"]
[Result "0-1"]
[WhiteElo "1914"]
[BlackElo "1961"]
[PlyCount "58"]
[EventDate "2007.10.12"]

1. d4 f5 2. e4 fxe4 3. Nc3 Nf6 4. Bg5 Nc6 5. d5 Ne5 6. Qd4 Nf7 7. Bxf6 exf6 8.
Qxe4+ Be7 9. Bd3 Nd6 10. Qg4 O-O 11. h4 f5 12. Qg3 Bf6 13. Nge2 a6 14. f3 b5
15. a3 Bb7 16. h5 Qe7 17. O-O-O b4 18. axb4 a5 19. b5 a4 20. Rde1 a3 21. Nd4
axb2+ 22. Kd2 Ne4+ 23. Bxe4 Bxd4 24. Bxf5 Qb4 25. Bxh7+ Kxh7 26. Qg6+ Kg8 27.
Qd3 Ra3 28. h6 Bxc3+ 29. Ke2 Re8+ 0-1

[Event "Weekend Accademia A Autunno"]
[Site "Roma ITA"]
[Date "2007.10.13"]
[Round "4"]
[White "Quimi, Marco"]
[Black "Vuelban, Virgilio"]
[Result "1-0"]
[WhiteElo "2270"]
[BlackElo "2399"]
[PlyCount "151"]
[EventDate "2007.10.12"]

1. e4 c5 2. c3 d5 3. exd5 Qxd5 4. d4 Nf6 5. Nf3 Bg4 6. Be2 e6 7. O-O Nc6 8. Na3
cxd4 9. Nb5 Rc8 10. Nbxd4 Nxd4 11. Nxd4 Bxe2 12. Qxe2 Be7 13. Bf4 a6 14. Rfd1
O-O 15. h3 Rfd8 16. a4 Qc4 17. Qxc4 Rxc4 18. Be5 Rd5 19. Re1 Nd7 20. Bg3 Nc5
21. a5 Bf6 22. Nc2 Rd2 23. Ne3 Ra4 24. Rxa4 Nxa4 25. Nc4 Rc2 26. Rb1 Be7 27.
Kf1 Bg5 28. Bd6 Bd8 29. Bf4 b5 30. axb6 Bxb6 31. Bg3 Ba7 32. Ke1 f6 33. Kd1
Rxc3 34. bxc3 Nxc3+ 35. Kc2 Nxb1 36. Kxb1 e5 37. f3 Kf7 38. Kc2 Ke6 39. Kd3 Bb8
40. Be1 f5 41. g4 g6 42. Ba5 h5 43. gxh5 gxh5 44. Bb6 Kf6 45. Bd8+ Ke6 46. Bb6
Kd5 47. Ne3+ Ke6 48. Nc2 Bd6 49. Ba5 Kf6 50. Bd2 Ke6 51. Kc4 Be7 52. Bc3 Bd6
53. Ba5 e4 54. fxe4 fxe4 55. Kd4 Kf5 56. Bd2 Be5+ 57. Kd5 Bg3 58. Nd4+ Kg6 59.
Kxe4 Bf2 60. Nf3 Bg3 61. Ba5 Bf2 62. Bd8 Bg3 63. Ne5+ Kh6 64. Kf5 Be1 65. Nc4
Bb4 66. Bb6 Be7 67. Ba5 Bh4 68. Ne5 Be7 69. Nd7 Bh4 70. Nb8 Be7 71. Nxa6 Bg5
72. Nc5 Be7 73. Ne4 Bh4 74. Bb4 Bd8 75. Bf8+ Kh7 76. Ng5+ 1-0

[Event "Weekend Accademia A Autunno"]
[Site "Roma ITA"]
[Date "2007.10.13"]
[Round "4"]
[White "Trebeschi, Andrea"]
[Black "Mazza, Maurizio"]
[Result "1-0"]
[WhiteElo "2078"]
[BlackElo "1752"]
[PlyCount "49"]
[EventDate "2007.10.12"]

1. e4 g6 2. d4 Bg7 3. Nc3 c6 4. Be3 d5 5. e5 Nh6 6. f4 Bg4 7. Be2 Bxe2 8. Ncxe2
Nf5 9. Bf2 e6 10. Nf3 Nd7 11. g4 Ne7 12. Ng3 h5 13. gxh5 gxh5 14. h4 Ng6 15.
Qd2 Qb6 16. O-O-O Bf8 17. f5 Ne7 18. fxe6 fxe6 19. Ng5 Rh6 20. Be3 Rg6 21. Rhf1
O-O-O 22. Nxh5 Nf5 23. Nf4 Nxe3 24. Qxe3 Bh6 25. Nxg6 1-0

[Event "Weekend Accademia A Autunno"]
[Site "Roma ITA"]
[Date "2007.10.14"]
[Round "5"]
[White "Cobas Ferrer, Dayami"]
[Black "Gardon, Ermanno"]
[Result "0-1"]
[WhiteElo "1994"]
[BlackElo "2144"]
[PlyCount "62"]
[EventDate "2007.10.12"]

1. e4 e6 2. d4 c5 3. c3 d5 4. exd5 exd5 5. Nf3 Nc6 6. Be2 Bd6 7. dxc5 Bxc5 8.
O-O Nge7 9. Nbd2 O-O 10. Nb3 Bb6 11. Nbd4 a6 12. Be3 Bc7 13. Bd3 Ng6 14. Nxc6
bxc6 15. Ng5 Qf6 16. Qf3 Qxf3 17. Nxf3 Nf4 18. Bc2 Rb8 19. Rab1 Bd7 20. Rfe1
Bd6 21. Nd4 g6 22. Ba4 Rfc8 23. Bxf4 Bxf4 24. Re7 Rb7 25. Bxc6 Bxc6 26. Nxc6
Rb6 27. Nb4 Rd8 28. Ra7 d4 29. Rd1 Kg7 30. a3 dxc3 31. bxc3 Rxb4 0-1

[Event "Weekend Accademia A Autunno"]
[Site "Roma ITA"]
[Date "2007.10.14"]
[Round "5"]
[White "Condemi De Felice, Alfonso"]
[Black "Proietti, Giorgio"]
[Result "1/2-1/2"]
[WhiteElo "2030"]
[BlackElo "1914"]
[PlyCount "79"]
[EventDate "2007.10.12"]

1. d4 Nf6 2. c4 e5 3. dxe5 Ng4 4. e4 Nxe5 5. f4 Nec6 6. a3 a5 7. Nc3 Bc5 8. Nf3
d6 9. Bd3 Nd7 10. Qe2 Qe7 11. Be3 Bxe3 12. Qxe3 Nc5 13. Bc2 b6 14. Nd5 Qd8 15.
O-O O-O 16. Rad1 Ba6 17. b4 axb4 18. axb4 Bxc4 19. bxc5 Bxf1 20. Kxf1 bxc5 21.
e5 f6 22. exf6 gxf6 23. Qe6+ Rf7 24. Bxh7+ Kg7 25. Ng5 Qd7 26. Qxd7 Rxd7 27.
Bf5 fxg5 28. Bxd7 Nb4 29. fxg5 Nxd5 30. Rxd5 Ra2 31. h4 Rb2 32. h5 c4 33. h6+
Kf7 34. Be8+ Kxe8 35. h7 Rb1+ 36. Kf2 Rh1 37. g6 Kf8 38. g4 Kg7 39. Rh5 Rxh5
40. gxh5 1/2-1/2

[Event "Weekend Accademia A Autunno"]
[Site "Roma ITA"]
[Date "2007.10.14"]
[Round "5"]
[White "Failli, Riccardo"]
[Black "Trebeschi, Andrea"]
[Result "1-0"]
[WhiteElo "1961"]
[BlackElo "2078"]
[PlyCount "71"]
[EventDate "2007.10.12"]

1. e4 d6 2. d4 Nf6 3. Bd3 e5 4. c3 d5 5. dxe5 Nxe4 6. Nf3 Nc5 7. Be2 Be7 8. O-O
Nc6 9. b4 Ne4 10. b5 Na5 11. Nbd2 Bf5 12. Nxe4 Bxe4 13. Nd2 Bg6 14. f4 Bc5+ 15.
Kh1 Qd7 16. Qa4 b6 17. Ba3 Bxa3 18. Qxa3 O-O-O 19. Nb3 Nxb3 20. Qa6+ Kb8 21.
axb3 c5 22. bxc6 Qc7 23. f5 Rhe8 24. fxg6 hxg6 25. Bg4 Rxe5 26. Bd7 f5 27. Rfe1
Re4 28. Rxe4 dxe4 29. Kg1 Rh8 30. g3 Rf8 31. Rf1 Rf6 32. b4 g5 33. Qc4 Qd6 34.
Qg8+ Rf8 35. Qxg7 e3 36. Bxf5 1-0